000
00370nam a2200169Ia 4500
008
221030s9999 xx 000 0 und d
020
_a
9788183230292
041
_a
English
082
_a
105.23
100
_a
AIMA
245
0
_a
Managing New India
250
_a
1st
260
_b
Excel Books
_a
New Delhi
_c
2007
300
_a
160
650
_a
Management
942
_c
BK
999
_c
5480
_d
5480